KOHA-Header-6

Compilers Principles, Techniques and Tools (Record no. 8562)

000 -LEADER
fixed length control field 00258nam a2200109Ia 4500
020 ## - INTERNATIONAL STANDARD BOOK NUMBER
ISBN 978-0201100884
100 ## - MAIN ENTRY--AUTHOR NAME
Personal name Sethi,Ravi
245 #0 - TITLE STATEMENT
Title Compilers Principles, Techniques and Tools
260 ## - PUBLICATION, DISTRIBUTION, ETC. (IMPRINT)
Place of publication London
Name of publisher World Scientific
Year of publication 2005
300 ## - PHYSICAL DESCRIPTION
Number of Pages 320
942 ## - ADDED ENTRY ELEMENTS (KOHA)
Koha item type Books
Holdings
Withdrawn status Lost status Collection code Permanent Location Current Location Shelving location Date acquired Full call number Accession Number Koha item type
    Computer Science MAJU MAJU Shelf No.A18 2019-09-14 005.2 3357 Computer Science

Powered by Koha